00784nam a2200205 a 450000100100000000500170001000800410002704000250006808200180009310000260011124501370013725000110027426000520028530000210033750000300035870000420038804900090043095201220043999900170056100002414320200930022744.0110119s1948 xxu r 001 0 spa d aDO-SdBNPbspacBNPHU axxxxxxbM959a1 aMullins, E. Y.94957110aAxiomas de religión :buna nueva interpretación de la fe bautista /cE. Y. Mullins ; traducción Félix Buldain y J. E. Davis. a2a ed. aTexas :bCasa Bautista de Publicaciones,c1948. a282 p. ;c20 cm. aIncluye índice general.1 aBuldain y J. E. Davis, Félix949572 aBNGR 001054708MOaGRbGRcCTd2011-01-19iLF1l0oxxxxxx M959ap24143-10r2020-06-25w2020-06-25y4ZPréstamo en sala c23637d23637